Responses for Show #8172 - Tuesday, March 3, 2020

Contestants

[<< previous game]

Kim Lutz, a homemaker and retired engineer from Centennial, Colorado

Mike Upchurch, a writer from Chicago, Illinois

Bruce Lou, a software engineer from San Francisco, California (whose 1-day cash winnings total $13,245)

[next game >>]

Jeopardy! Round responses

THE 1950s
COMMON BOND CUISINE
LITERARY TWINS
CHARITABLE CELEBS
IMMACULATE INCEPTION
"LIST" BUCKET
    $200 8
McDonald's

Bruce
    $200 6
stews

Mike
    $200 14
Lord of the Flies

Mike
    $200 26
Dolly Parton

Kim
    $200 21
Mr. Clean

Bruce
    $200 1
a specialist

Kim
    $400 9
a hydrogen bomb

Bruce
    $400 7
sushi rolls

Bruce
    $400 15
Tweedledum & Tweedledee

Triple Stumper
    $400 27
Akron

Bruce
    $400 22
Purell

Kim
    $400 2
a pugilist

Mike
    $600 10
James Dean

Mike
    $600 11
(Bruce: Oh. What are apples?)

ham

BruceKim
    $600 16
Lannister

Mike
    $600 28
illuminate it

Mike
    $600 23
Clorox

Bruce
    $600 3
(Mike: What is a dilettante?)

a Philistine

Mike
Triple Stumper
    $800 19
(Jimmy) Hoffa

Mike
    $800 12
noodles

Kim
    $800 17
A Comedy of Errors

Mike
    $800 29
Connery

Mike
    $800 24
Pine-Sol

Mike
    $800 4
calisthenics

Mike
    $1000 20
(Douglas) MacArthur

Bruce
    $1000 13
peppers

Mike
    $1000 18
(Alex: Should've rung in Mike. You knew it.)

Nicholas Nickleby

Triple Stumper
    $1000 30
(Mike: Who is Spears?)

Gwen Stefani

Mike
Triple Stumper
    $1000 25
Borax

Mike
    $1000 5
ballistics

Mike

Scores at the first commercial break (after clue 15):

Bruce Mike Kim
$400 $3,600 $1,600

Scores at the end of the Jeopardy! Round:

Bruce Mike Kim
$2,600 $8,000 $2,200

Double Jeopardy! Round responses

IMPOSTOR!
WATERFALLS
PARENTHETICAL SONG TITLES
GEOLOGY
LUKE
4,4
(Alex: Each response will be a pair of four-letter words.)
    $400 2
the Eiffel Tower

Bruce
    $400 7
Iceland

Mike
    $400 26
"Money"

Mike
    $400 8
an aftershock

Mike
    $400 21
Gabriel

Kim
    $400 1
dark meat

Bruce
    $800 3
(Mike: Who is Anna Karenina?)

Anastasia

BruceMike
    $800 11
the Grand Canyon

Kim
    $800 27
(Mike: What is "All I Want"?)

"How Sweet It Is"

Mike
Triple Stumper
    $800 9
sedimentary

Mike
    $800 22
a census

Mike
    $800 17
duct tape

Kim
    $1200 4
The Talented Mr. Ripley

Triple Stumper
    $1200 12
the Mekong

Bruce
    $1200 28
(Mike: What is the [*]?)

"Dude"

Mike
    $1200 10
the Mesozoic

Bruce
    $1200 23
Acts

Bruce
    $1200 18
a hall pass

Kim
    $1600 5
Nero

Bruce
    $1600 13
Labrador

Bruce
    $1600 29
"Peace, Love, And Understanding"

Mike
    $1600 15
petrification

Mike
    $3,000 24
(Alex: You're not missing your Daily Doubles today.)

the Good Samaritan

Bruce
    $1600 19
acid rain

Kim
    $2000 6
Tartuffe

Bruce
    $5,000 14
Angel Falls

Bruce
    $2000 30
"Brass In Pocket"

Triple Stumper
    $2000 16
the Great Rift Valley

Bruce
    $2000 25
a temple

Kim
    $2000 20
a fire sale

Mike

Scores at the end of the Double Jeopardy! Round:

Bruce Mike Kim
$23,000 $15,600 $9,000

[wagering suggestions for these scores]

Final Jeopardy! Round responses

CHILDREN'S BOOKS
KimWhat is Horton Hears a Who?
$7,800
MikeWhat is Green Eggs & Ham?
$11,000
BruceWhat is [something crossed out] I hope I won
$7,201
Green Eggs and Ham

Final scores:

Bruce Mike Kim
$15,799 $26,600 $1,200
2nd place: $2,000 New champion: $26,600 3rd place: $1,000

Game dynamics:

Coryat scores:

Bruce Mike Kim
$18,600 $15,600 $9,000
19 R
(including 2 DDs),
1 W
23 R
(including 1 DD),
4 W
11 R,
0 W

Combined Coryat: $43,200

[game clues] [game scores] [suggest correction]

Game tape date: 2020-01-07
The J! Archive is created by fans, for fans. Scraping, republication, monetization, and malicious use prohibited; this site may use cookies and collect identifying information. See terms. The Jeopardy! game show and all elements thereof, including but not limited to copyright and trademark thereto, are the property of Jeopardy Productions, Inc. and are protected under law. This website is not affiliated with, sponsored by, or operated by Jeopardy Productions, Inc. Join the discussion at JBoard.tv.